000 00454nam a2200157Ia 4500
005 20250605093415.0
008 231217s9999 xx 000 0 und d
020 _a9780070591127
082 _a001.64404 SIV;1 R
100 _aSivanandam, S N Sumathi, S Deepa, S N
245 0 _aIntroduction to neural networks using matlab 6.0
260 _cNULL
_bTMH
_aNew.Delhi
300 _axxii+656
650 _aneural,networks,using,matlab,6.0
942 _cAA
999 _c184942
_d184942